000 01108cam a22003135a 4500
006 a||||f |||| 00| 0
008 110630t2007 wauabd f 001 0 eng d
010 _a 2006937716
020 _a0735619557
020 _a9780735623057
020 _a9780735619555
040 _aEG-ScBUE
_beng
_cEG-ScBUE
082 0 4 _a658.404028553
_bCHA
_222
100 1 _aChatfield, Carl S.,
_926047
245 1 0 _aMicrosoft Office Project 2007 step by step /
_cCarl Chatfield, Timothy Johnson.
246 1 4 _aStep by step Microsoft Office Project 2007
260 _aRedmond, WA :
_bMicrosoft Press,2007.
_cc2007.
300 _axvi, 507 p. :
_bill. ;
_c23 cm. +
_e1 CD-ROM (4 3/4 in.)
490 0 _aStep by step
500 _aindex 495-507.
504 _aGlossary 487-494.
650 0 _aProject management
_xComputer programs.
_926048
_2BUEsh
651 _2BUEsh
653 _bCOMSCI
_cAugust2015
655 _vtext book
_933728
700 1 _aJohnson, Timothy D.,
_d1962-
_926049
856 4 1 _3Table of contents only
_uhttp://www.loc.gov/catdir/toc/fy0709/2006937716.html
942 _cBB
_k658.4040285 CHA
_2ddc
999 _c8703
_d8703